| 000 | 00605nam a22001817a 4500 | ||
|---|---|---|---|
| 999 |
_c194834 _d194834 |
||
| 005 | 20230123104201.0 | ||
| 010 | _aENG-136037 | ||
| 020 |
_a9788184981261 _c300.00 |
||
| 035 | _aEN-119569 | ||
| 037 | _bDBAD/PUB | ||
| 082 | _a808.88 | ||
| 100 | _aRuff-O'Herne, Jan | ||
| 245 |
_aFifty Years of Silence: _bThe Extraordinary Memoir of War rape survivor/ _cJan Ruff-O' Herne |
||
| 260 |
_aPune _bMehta Publishing House _c2011 |
||
| 270 |
_a1941 Sadashiv Peth, Madiwale Colony _bPune _e411030 _minfo@mehtapublishinghouse.com |
||
| 300 |
_a214p. _c24cm(pbk) |
||
| 942 |
_2ddc _cEN _h808.88 _mHER |
||